000
00299pam a2200133 a 4500
020
_c
041
_h
082
_a
751.426
_b
MAC
100
_a
Glynmacey.
245
_a
Acrylics unleashed
_h
Textual Documents
260
_a
[s.l]:
_b
Search Press,
_c
2015.
300
_a
144:
_b
paper.
930
_a
7436
999
_c
241226
_d
241226